000
00337nam a2200133Ia 4500
008
240624s9999 xx 000 0 und d
041
_a
eng
082
_a
658.4092 BEE
100
_a
BEEREL ANNABEL
245
_a
LEADERSHIP AND CHANGE MANAGEMENT
260
_c
2009
_a
New Delhi
_b
Sage Publications
300
_a
288 : p.
365
_c
BPS
_b
30
999
_c
13955
_d
13955